| 000 | 00741 a2200169 4500 | ||
|---|---|---|---|
| 999 |
_c23584 _d23584 |
||
| 003 | NUST | ||
| 005 | 20170525131731.0 | ||
| 008 | 170525b xxu||||| |||| 00| 0 eng d | ||
| 020 | _a8130706067 | ||
| 040 |
_aDLC _bDLC _cRCMS |
||
| 050 | _a150.13 COL | ||
| 082 | _a150.13 COL | ||
| 100 |
_a Mary Collins _91431 |
||
| 245 |
_aA first laboratory guide in psychology _cMary Collins and James Drever |
||
| 260 |
_aNew Delhi: _bCosmo Publications, _cc2007. |
||
| 300 |
_avii, 107 p. : _bill. ; _c21 cm. |
||
| 500 | _aIncludes Index | ||
| 538 | _iShelf # 13, Row # 1, Fiction. | ||
| 650 |
_aPsychophysiology. _91432 |
||
| 942 |
_cBK _k150 COL _2ddc |
||